Physics Subjects - Statistics

General Stats
  • This quiz has been taken 78 times
  • The average score is 211 of 256
Answer Stats
Question Tile Select % Correct
The study of a type of physical interaction that occurs between electrically charged particles. Astronomy No
96%
The branch of physics that deals with the relationships between heat and other forms of energy Astronomy No
96%
The study of a type of physical interaction that occurs between electrically charged particles. Classical Mechanics No
96%
The branch of physics that deals with the relationships between heat and other forms of energy Classical Mechanics No
96%
The study of a type of physical interaction that occurs between electrically charged particles. Condensed Matter No
96%
The branch of physics that deals with the relationships between heat and other forms of energy Condensed Matter No
96%
The study of a type of physical interaction that occurs between electrically charged particles. Cosmology No
96%
The branch of physics that deals with the relationships between heat and other forms of energy Cosmology No
96%
The branch of physics that deals with the relationships between heat and other forms of energy Electricity and Magnetism No
96%
The study of a type of physical interaction that occurs between electrically charged particles. General Relativity No
96%
The branch of physics that deals with the relationships between heat and other forms of energy General Relativity No
96%
The branch of physics that deals with the relationships between heat and other forms of energy Nuclear Physics No
96%
The study of a type of physical interaction that occurs between electrically charged particles. Optics No
96%
The branch of physics that deals with the relationships between heat and other forms of energy Optics No
96%
The study of a type of physical interaction that occurs between electrically charged particles. Particle Physics No
96%
The branch of physics that deals with the relationships between heat and other forms of energy Particle Physics No
96%
The branch of physics that deals with the relationships between heat and other forms of energy Quantum Field Theory No
96%
The branch of physics that deals with the relationships between heat and other forms of energy Quantum Mechanics No
96%
The study of a type of physical interaction that occurs between electrically charged particles. Solid State Physics No
96%
The study of a type of physical interaction that occurs between electrically charged particles. Special Relativity No
96%
The branch of physics that deals with the relationships between heat and other forms of energy Special Relativity No
96%
The study of a type of physical interaction that occurs between electrically charged particles. Statistical Mechanics No
96%
The branch of physics that deals with the relationships between heat and other forms of energy Statistical Mechanics No
96%
The study of a type of physical interaction that occurs between electrically charged particles. String Theory No
96%
The branch of physics that deals with the relationships between heat and other forms of energy String Theory No
96%
The science of the origin and development of the universe Classical Mechanics No
94%
The science of the origin and development of the universe Condensed Matter No
94%
The generally accepted and experimentally confirmed physical theory regarding the relationship between space and time. Condensed Matter No
94%
The generally accepted and experimentally confirmed physical theory regarding the relationship between space and time. Cosmology No
94%
The science of the origin and development of the universe Electricity and Magnetism No
94%
The generally accepted and experimentally confirmed physical theory regarding the relationship between space and time. Electricity and Magnetism No
94%
The study of a type of physical interaction that occurs between electrically charged particles. Nuclear Physics No
94%
The science of the origin and development of the universe Nuclear Physics No
94%
The generally accepted and experimentally confirmed physical theory regarding the relationship between space and time. Nuclear Physics No
94%
The science of the origin and development of the universe Optics No
94%
The generally accepted and experimentally confirmed physical theory regarding the relationship between space and time. Optics No
94%
The generally accepted and experimentally confirmed physical theory regarding the relationship between space and time. Particle Physics No
94%
The generally accepted and experimentally confirmed physical theory regarding the relationship between space and time. Quantum Field Theory No
94%
The branch of physics that deals with the relationships between heat and other forms of energy Solid State Physics No
94%
The science of the origin and development of the universe Special Relativity No
94%
The science of the origin and development of the universe Statistical Mechanics No
94%
The generally accepted and experimentally confirmed physical theory regarding the relationship between space and time. Statistical Mechanics No
94%
The study of a type of physical interaction that occurs between electrically charged particles. Thermodynamics No
94%
The science of the origin and development of the universe Thermodynamics No
94%
The generally accepted and experimentally confirmed physical theory regarding the relationship between space and time. Thermodynamics No
94%
The generally accepted and experimentally confirmed physical theory regarding the relationship between space and time. Classical Mechanics No
93%
The science of the origin and development of the universe Particle Physics No
93%
The science of the origin and development of the universe Quantum Mechanics No
93%
The generally accepted and experimentally confirmed physical theory regarding the relationship between space and time. Quantum Mechanics No
93%
The science of the origin and development of the universe Solid State Physics No
93%
The generally accepted and experimentally confirmed physical theory regarding the relationship between space and time. Solid State Physics No
93%
The generally accepted and experimentally confirmed physical theory regarding the relationship between space and time. String Theory No
93%
The branch of physics that deals with the relationships between heat and other forms of energy Thermodynamics Yes
93%
The study of a type of physical interaction that occurs between electrically charged particles. Quantum Field Theory No
91%
The science of the origin and development of the universe Quantum Field Theory No
91%
The study of a type of physical interaction that occurs between electrically charged particles. Quantum Mechanics No
91%
The application of the principles of statistics to the mechanics of a system consisting of a large number of parts having motions that differ by small steps over a large range. Astronomy No
90%
The application of the principles of statistics to the mechanics of a system consisting of a large number of parts having motions that differ by small steps over a large range. Cosmology No
90%
The application of the principles of statistics to the mechanics of a system consisting of a large number of parts having motions that differ by small steps over a large range. Electricity and Magnetism No
90%
The science of the origin and development of the universe General Relativity No
90%
The application of the principles of statistics to the mechanics of a system consisting of a large number of parts having motions that differ by small steps over a large range. General Relativity No
90%
The application of the principles of statistics to the mechanics of a system consisting of a large number of parts having motions that differ by small steps over a large range. Nuclear Physics No
90%
The application of the principles of statistics to the mechanics of a system consisting of a large number of parts having motions that differ by small steps over a large range. Optics No
90%
The application of the principles of statistics to the mechanics of a system consisting of a large number of parts having motions that differ by small steps over a large range. Quantum Field Theory No
90%
The application of the principles of statistics to the mechanics of a system consisting of a large number of parts having motions that differ by small steps over a large range. Solid State Physics No
90%
The application of the principles of statistics to the mechanics of a system consisting of a large number of parts having motions that differ by small steps over a large range. Special Relativity No
90%
The application of the principles of statistics to the mechanics of a system consisting of a large number of parts having motions that differ by small steps over a large range. String Theory No
90%
The application of the principles of statistics to the mechanics of a system consisting of a large number of parts having motions that differ by small steps over a large range. Thermodynamics No
90%
The science of the origin and development of the universe Astronomy No
88%
The application of the principles of statistics to the mechanics of a system consisting of a large number of parts having motions that differ by small steps over a large range. Condensed Matter No
88%
The application of the principles of statistics to the mechanics of a system consisting of a large number of parts having motions that differ by small steps over a large range. Particle Physics No
88%
The application of the principles of statistics to the mechanics of a system consisting of a large number of parts having motions that differ by small steps over a large range. Quantum Mechanics No
88%
The science of the origin and development of the universe String Theory No
88%
The generally accepted and experimentally confirmed physical theory regarding the relationship between space and time. Astronomy No
87%
A theory of gravitation which finds that the observed gravitational effect between masses results from their warping of spacetime Astronomy No
87%
A theory of gravitation which finds that the observed gravitational effect between masses results from their warping of spacetime Condensed Matter No
87%
A theory of gravitation which finds that the observed gravitational effect between masses results from their warping of spacetime Cosmology No
87%
A theory of gravitation which finds that the observed gravitational effect between masses results from their warping of spacetime Electricity and Magnetism No
87%
A theory of gravitation which finds that the observed gravitational effect between masses results from their warping of spacetime Nuclear Physics No
87%
A theory of gravitation which finds that the observed gravitational effect between masses results from their warping of spacetime Optics No
87%
A theory of gravitation which finds that the observed gravitational effect between masses results from their warping of spacetime Particle Physics No
87%
A theory of gravitation which finds that the observed gravitational effect between masses results from their warping of spacetime Solid State Physics No
87%
A theory of gravitation which finds that the observed gravitational effect between masses results from their warping of spacetime Statistical Mechanics No
87%
A theory of gravitation which finds that the observed gravitational effect between masses results from their warping of spacetime String Theory No
87%
A theory of gravitation which finds that the observed gravitational effect between masses results from their warping of spacetime Thermodynamics No
87%
Describes the motion of macroscopic objects, from projectiles to parts of machinery, and astronomical objects Electricity and Magnetism No
85%
Describes the motion of macroscopic objects, from projectiles to parts of machinery, and astronomical objects General Relativity No
85%
Describes the motion of macroscopic objects, from projectiles to parts of machinery, and astronomical objects Nuclear Physics No
85%
Describes the motion of macroscopic objects, from projectiles to parts of machinery, and astronomical objects Optics No
85%
Describes the motion of macroscopic objects, from projectiles to parts of machinery, and astronomical objects Quantum Field Theory No
85%
Describes the motion of macroscopic objects, from projectiles to parts of machinery, and astronomical objects Special Relativity No
85%
Describes the motion of macroscopic objects, from projectiles to parts of machinery, and astronomical objects Statistical Mechanics No
85%
Describes the motion of macroscopic objects, from projectiles to parts of machinery, and astronomical objects String Theory No
85%
Describes the motion of macroscopic objects, from projectiles to parts of machinery, and astronomical objects Thermodynamics No
85%
A theoretical framework (i.e. not proven) in which the point-like particles of particle physics are replaced by one-dimensional objects called strings. It describes how these strings propagate through space and interact with each other; Many physicists consider this subject to be a pseudoscience due to a lack of evidence supporting its validity. Astronomy No
84%
Deals with the mathematical description of the motion and interaction of subatomic particles, incorporating the concepts of quantization of energy, wave-particle duality, the uncertainty principle, and the correspondence principle. Astronomy No
84%
The physics of atomic nuclei and their interactions, especially in the generation of nuclear energy. Astronomy No
84%
A theory of gravitation which finds that the observed gravitational effect between masses results from their warping of spacetime Classical Mechanics No
84%
A theoretical framework (i.e. not proven) in which the point-like particles of particle physics are replaced by one-dimensional objects called strings. It describes how these strings propagate through space and interact with each other; Many physicists consider this subject to be a pseudoscience due to a lack of evidence supporting its validity. Condensed Matter No
84%
Deals with the mathematical description of the motion and interaction of subatomic particles, incorporating the concepts of quantization of energy, wave-particle duality, the uncertainty principle, and the correspondence principle. Condensed Matter No
84%
The physics of atomic nuclei and their interactions, especially in the generation of nuclear energy. Condensed Matter No
84%
A theoretical framework (i.e. not proven) in which the point-like particles of particle physics are replaced by one-dimensional objects called strings. It describes how these strings propagate through space and interact with each other; Many physicists consider this subject to be a pseudoscience due to a lack of evidence supporting its validity. Cosmology No
84%
Deals with the mathematical description of the motion and interaction of subatomic particles, incorporating the concepts of quantization of energy, wave-particle duality, the uncertainty principle, and the correspondence principle. Cosmology No
84%
The physics of atomic nuclei and their interactions, especially in the generation of nuclear energy. Cosmology No
84%
A theoretical framework (i.e. not proven) in which the point-like particles of particle physics are replaced by one-dimensional objects called strings. It describes how these strings propagate through space and interact with each other; Many physicists consider this subject to be a pseudoscience due to a lack of evidence supporting its validity. Electricity and Magnetism No
84%
Deals with the mathematical description of the motion and interaction of subatomic particles, incorporating the concepts of quantization of energy, wave-particle duality, the uncertainty principle, and the correspondence principle. Electricity and Magnetism No
84%
The physics of atomic nuclei and their interactions, especially in the generation of nuclear energy. Electricity and Magnetism No
84%
Deals with the mathematical description of the motion and interaction of subatomic particles, incorporating the concepts of quantization of energy, wave-particle duality, the uncertainty principle, and the correspondence principle. General Relativity No
84%
The physics of atomic nuclei and their interactions, especially in the generation of nuclear energy. General Relativity No
84%
A theoretical framework (i.e. not proven) in which the point-like particles of particle physics are replaced by one-dimensional objects called strings. It describes how these strings propagate through space and interact with each other; Many physicists consider this subject to be a pseudoscience due to a lack of evidence supporting its validity. Nuclear Physics No
84%
A theoretical framework (i.e. not proven) in which the point-like particles of particle physics are replaced by one-dimensional objects called strings. It describes how these strings propagate through space and interact with each other; Many physicists consider this subject to be a pseudoscience due to a lack of evidence supporting its validity. Optics No
84%
Deals with the mathematical description of the motion and interaction of subatomic particles, incorporating the concepts of quantization of energy, wave-particle duality, the uncertainty principle, and the correspondence principle. Optics No
84%
The physics of atomic nuclei and their interactions, especially in the generation of nuclear energy. Optics No
84%
A theoretical framework (i.e. not proven) in which the point-like particles of particle physics are replaced by one-dimensional objects called strings. It describes how these strings propagate through space and interact with each other; Many physicists consider this subject to be a pseudoscience due to a lack of evidence supporting its validity. Quantum Field Theory No
84%
The physics of atomic nuclei and their interactions, especially in the generation of nuclear energy. Quantum Field Theory No
84%
A theoretical framework (i.e. not proven) in which the point-like particles of particle physics are replaced by one-dimensional objects called strings. It describes how these strings propagate through space and interact with each other; Many physicists consider this subject to be a pseudoscience due to a lack of evidence supporting its validity. Quantum Mechanics No
84%
The physics of atomic nuclei and their interactions, especially in the generation of nuclear energy. Quantum Mechanics No
84%
Describes the motion of macroscopic objects, from projectiles to parts of machinery, and astronomical objects Solid State Physics No
84%
A theoretical framework (i.e. not proven) in which the point-like particles of particle physics are replaced by one-dimensional objects called strings. It describes how these strings propagate through space and interact with each other; Many physicists consider this subject to be a pseudoscience due to a lack of evidence supporting its validity. Solid State Physics No
84%
The physics of atomic nuclei and their interactions, especially in the generation of nuclear energy. Solid State Physics No
84%
A theoretical framework (i.e. not proven) in which the point-like particles of particle physics are replaced by one-dimensional objects called strings. It describes how these strings propagate through space and interact with each other; Many physicists consider this subject to be a pseudoscience due to a lack of evidence supporting its validity. Special Relativity No
84%
Deals with the mathematical description of the motion and interaction of subatomic particles, incorporating the concepts of quantization of energy, wave-particle duality, the uncertainty principle, and the correspondence principle. Special Relativity No
84%
The physics of atomic nuclei and their interactions, especially in the generation of nuclear energy. Special Relativity No
84%
A theoretical framework (i.e. not proven) in which the point-like particles of particle physics are replaced by one-dimensional objects called strings. It describes how these strings propagate through space and interact with each other; Many physicists consider this subject to be a pseudoscience due to a lack of evidence supporting its validity. Statistical Mechanics No
84%
Deals with the mathematical description of the motion and interaction of subatomic particles, incorporating the concepts of quantization of energy, wave-particle duality, the uncertainty principle, and the correspondence principle. String Theory No
84%
The physics of atomic nuclei and their interactions, especially in the generation of nuclear energy. String Theory No
84%
A theoretical framework (i.e. not proven) in which the point-like particles of particle physics are replaced by one-dimensional objects called strings. It describes how these strings propagate through space and interact with each other; Many physicists consider this subject to be a pseudoscience due to a lack of evidence supporting its validity. Thermodynamics No
84%
Deals with the mathematical description of the motion and interaction of subatomic particles, incorporating the concepts of quantization of energy, wave-particle duality, the uncertainty principle, and the correspondence principle. Thermodynamics No
84%
The physics of atomic nuclei and their interactions, especially in the generation of nuclear energy. Thermodynamics No
84%
The study of rigid matter, or solids, through methods such as quantum mechanics, crystallography, electromagnetism, and metallurgy. Astronomy No
82%
A theoretical framework (i.e. not proven) in which the point-like particles of particle physics are replaced by one-dimensional objects called strings. It describes how these strings propagate through space and interact with each other; Many physicists consider this subject to be a pseudoscience due to a lack of evidence supporting its validity. Classical Mechanics No
82%
Deals with the mathematical description of the motion and interaction of subatomic particles, incorporating the concepts of quantization of energy, wave-particle duality, the uncertainty principle, and the correspondence principle. Classical Mechanics No
82%
The physics of atomic nuclei and their interactions, especially in the generation of nuclear energy. Classical Mechanics No
82%
Describes the motion of macroscopic objects, from projectiles to parts of machinery, and astronomical objects Condensed Matter No
82%
The branch of science which deals with celestial objects, space, and the physical universe as a whole. Condensed Matter No
82%
Describes the motion of macroscopic objects, from projectiles to parts of machinery, and astronomical objects Cosmology No
82%
The study of rigid matter, or solids, through methods such as quantum mechanics, crystallography, electromagnetism, and metallurgy. Cosmology No
82%
The study of a type of physical interaction that occurs between electrically charged particles. Electricity and Magnetism Yes
82%
The study of rigid matter, or solids, through methods such as quantum mechanics, crystallography, electromagnetism, and metallurgy. Electricity and Magnetism No
82%
The branch of science which deals with celestial objects, space, and the physical universe as a whole. Electricity and Magnetism No
82%
The study of rigid matter, or solids, through methods such as quantum mechanics, crystallography, electromagnetism, and metallurgy. General Relativity No
82%
A theoretical framework (i.e. not proven) in which the point-like particles of particle physics are replaced by one-dimensional objects called strings. It describes how these strings propagate through space and interact with each other; Many physicists consider this subject to be a pseudoscience due to a lack of evidence supporting its validity. General Relativity No
82%
The branch of science which deals with celestial objects, space, and the physical universe as a whole. General Relativity No
82%
The study of rigid matter, or solids, through methods such as quantum mechanics, crystallography, electromagnetism, and metallurgy. Nuclear Physics No
82%
Deals with the mathematical description of the motion and interaction of subatomic particles, incorporating the concepts of quantization of energy, wave-particle duality, the uncertainty principle, and the correspondence principle. Nuclear Physics No
82%
The branch of science which deals with celestial objects, space, and the physical universe as a whole. Nuclear Physics No
82%
The study of rigid matter, or solids, through methods such as quantum mechanics, crystallography, electromagnetism, and metallurgy. Optics No
82%
The branch of science which deals with celestial objects, space, and the physical universe as a whole. Optics No
82%
Describes the motion of macroscopic objects, from projectiles to parts of machinery, and astronomical objects Particle Physics No
82%
The study of rigid matter, or solids, through methods such as quantum mechanics, crystallography, electromagnetism, and metallurgy. Particle Physics No
82%
A theoretical framework (i.e. not proven) in which the point-like particles of particle physics are replaced by one-dimensional objects called strings. It describes how these strings propagate through space and interact with each other; Many physicists consider this subject to be a pseudoscience due to a lack of evidence supporting its validity. Particle Physics No
82%
A theory of gravitation which finds that the observed gravitational effect between masses results from their warping of spacetime Quantum Mechanics No
82%
Describes the motion of macroscopic objects, from projectiles to parts of machinery, and astronomical objects Quantum Mechanics No
82%
The branch of science which deals with celestial objects, space, and the physical universe as a whole. Quantum Mechanics No
82%
The branch of science which deals with celestial objects, space, and the physical universe as a whole. Solid State Physics No
82%
The study of rigid matter, or solids, through methods such as quantum mechanics, crystallography, electromagnetism, and metallurgy. Special Relativity No
82%
The branch of science which deals with celestial objects, space, and the physical universe as a whole. Special Relativity No
82%
The study of rigid matter, or solids, through methods such as quantum mechanics, crystallography, electromagnetism, and metallurgy. Statistical Mechanics No
82%
Deals with the mathematical description of the motion and interaction of subatomic particles, incorporating the concepts of quantization of energy, wave-particle duality, the uncertainty principle, and the correspondence principle. Statistical Mechanics No
82%
The physics of atomic nuclei and their interactions, especially in the generation of nuclear energy. Statistical Mechanics No
82%
The branch of science which deals with celestial objects, space, and the physical universe as a whole. Statistical Mechanics No
82%
The study of rigid matter, or solids, through methods such as quantum mechanics, crystallography, electromagnetism, and metallurgy. String Theory No
82%
The study of rigid matter, or solids, through methods such as quantum mechanics, crystallography, electromagnetism, and metallurgy. Thermodynamics No
82%
The branch of science which deals with celestial objects, space, and the physical universe as a whole. Thermodynamics No
82%
A theoretical framework that combines classical field theory, special relativity, and quantum mechanics but not general relativity's description of gravity. Astronomy No
81%
The application of the principles of statistics to the mechanics of a system consisting of a large number of parts having motions that differ by small steps over a large range. Classical Mechanics No
81%
A theoretical framework that combines classical field theory, special relativity, and quantum mechanics but not general relativity's description of gravity. Condensed Matter No
81%
A theoretical framework that combines classical field theory, special relativity, and quantum mechanics but not general relativity's description of gravity. Cosmology No
81%
A theoretical framework that combines classical field theory, special relativity, and quantum mechanics but not general relativity's description of gravity. Electricity and Magnetism No
81%
A theoretical framework that combines classical field theory, special relativity, and quantum mechanics but not general relativity's description of gravity. General Relativity No
81%
A theoretical framework that combines classical field theory, special relativity, and quantum mechanics but not general relativity's description of gravity. Nuclear Physics No
81%
A theoretical framework that combines classical field theory, special relativity, and quantum mechanics but not general relativity's description of gravity. Optics No
81%
The branch of science which deals with celestial objects, space, and the physical universe as a whole. Particle Physics No
81%
A theoretical framework that combines classical field theory, special relativity, and quantum mechanics but not general relativity's description of gravity. Particle Physics No
81%
A theory of gravitation which finds that the observed gravitational effect between masses results from their warping of spacetime Quantum Field Theory No
81%
The branch of science which deals with celestial objects, space, and the physical universe as a whole. Quantum Field Theory No
81%
Deals with the mathematical description of the motion and interaction of subatomic particles, incorporating the concepts of quantization of energy, wave-particle duality, the uncertainty principle, and the correspondence principle. Solid State Physics No
81%
The branch of science which deals with celestial objects, space, and the physical universe as a whole. String Theory No
81%
A theoretical framework that combines classical field theory, special relativity, and quantum mechanics but not general relativity's description of gravity. String Theory No
81%
A theoretical framework that combines classical field theory, special relativity, and quantum mechanics but not general relativity's description of gravity. Thermodynamics No
81%
The study of rigid matter, or solids, through methods such as quantum mechanics, crystallography, electromagnetism, and metallurgy. Classical Mechanics No
79%
The branch of science which deals with celestial objects, space, and the physical universe as a whole. Classical Mechanics No
79%
The study of rigid matter, or solids, through methods such as quantum mechanics, crystallography, electromagnetism, and metallurgy. Quantum Mechanics No
79%
A theoretical framework that combines classical field theory, special relativity, and quantum mechanics but not general relativity's description of gravity. Solid State Physics No
79%
A theoretical framework that combines classical field theory, special relativity, and quantum mechanics but not general relativity's description of gravity. Statistical Mechanics No
79%
Describes the motion of macroscopic objects, from projectiles to parts of machinery, and astronomical objects Astronomy No
78%
The field of physics that deals with the macroscopic and microscopic physical properties of matter. Astronomy No
78%
The field of physics that deals with the macroscopic and microscopic physical properties of matter. Cosmology No
78%
The field of physics that deals with the macroscopic and microscopic physical properties of matter. Electricity and Magnetism No
78%
The field of physics that deals with the macroscopic and microscopic physical properties of matter. General Relativity No
78%
The field of physics that deals with the macroscopic and microscopic physical properties of matter. Optics No
78%
The physics of atomic nuclei and their interactions, especially in the generation of nuclear energy. Particle Physics No
78%
The field of physics that deals with the macroscopic and microscopic physical properties of matter. Special Relativity No
78%
The field of physics that deals with the macroscopic and microscopic physical properties of matter. Statistical Mechanics No
78%
The field of physics that deals with the macroscopic and microscopic physical properties of matter. String Theory No
78%
The field of physics that deals with the macroscopic and microscopic physical properties of matter. Thermodynamics No
78%
The branch of physics that studies the behavior and properties of light, including its interactions with matter and the construction of instruments that use or detect it. Astronomy No
76%
The science of the origin and development of the universe Cosmology Yes
76%
The branch of science which deals with celestial objects, space, and the physical universe as a whole. Cosmology No
76%
The branch of physics that studies the behavior and properties of light, including its interactions with matter and the construction of instruments that use or detect it. Cosmology No
76%
The branch of physics that studies the behavior and properties of light, including its interactions with matter and the construction of instruments that use or detect it. Electricity and Magnetism No
76%
The branch of physics that studies the behavior and properties of light, including its interactions with matter and the construction of instruments that use or detect it. General Relativity No
76%
The field of physics that deals with the macroscopic and microscopic physical properties of matter. Nuclear Physics No
76%
The branch of physics that studies the behavior and properties of light, including its interactions with matter and the construction of instruments that use or detect it. Nuclear Physics No
76%
The branch of physics that studies the behavior and properties of light, including its interactions with matter and the construction of instruments that use or detect it. Particle Physics No
76%
The field of physics that deals with the macroscopic and microscopic physical properties of matter. Quantum Field Theory No
76%
The study of rigid matter, or solids, through methods such as quantum mechanics, crystallography, electromagnetism, and metallurgy. Quantum Field Theory No
76%
Deals with the mathematical description of the motion and interaction of subatomic particles, incorporating the concepts of quantization of energy, wave-particle duality, the uncertainty principle, and the correspondence principle. Quantum Field Theory No
76%
The branch of physics that studies the behavior and properties of light, including its interactions with matter and the construction of instruments that use or detect it. Quantum Field Theory No
76%
A theoretical framework that combines classical field theory, special relativity, and quantum mechanics but not general relativity's description of gravity. Quantum Mechanics No
76%
The branch of physics that studies the behavior and properties of light, including its interactions with matter and the construction of instruments that use or detect it. Solid State Physics No
76%
A theoretical framework that combines classical field theory, special relativity, and quantum mechanics but not general relativity's description of gravity. Special Relativity No
76%
The branch of physics that studies the behavior and properties of light, including its interactions with matter and the construction of instruments that use or detect it. Special Relativity No
76%
The branch of physics that studies the behavior and properties of light, including its interactions with matter and the construction of instruments that use or detect it. Statistical Mechanics No
76%
The branch of physics that studies the behavior and properties of light, including its interactions with matter and the construction of instruments that use or detect it. String Theory No
76%
The branch of physics that studies the behavior and properties of light, including its interactions with matter and the construction of instruments that use or detect it. Thermodynamics No
76%
The branch of physics that deals with the properties, relationships, and interactions of subatomic particles. Astronomy No
75%
The study of rigid matter, or solids, through methods such as quantum mechanics, crystallography, electromagnetism, and metallurgy. Condensed Matter No
75%
The branch of physics that studies the behavior and properties of light, including its interactions with matter and the construction of instruments that use or detect it. Condensed Matter No
75%
The branch of physics that deals with the properties, relationships, and interactions of subatomic particles. Cosmology No
75%
The branch of physics that deals with the properties, relationships, and interactions of subatomic particles. Electricity and Magnetism No
75%
The branch of physics that deals with the properties, relationships, and interactions of subatomic particles. General Relativity No
75%
The branch of physics that deals with the properties, relationships, and interactions of subatomic particles. Optics No
75%
Deals with the mathematical description of the motion and interaction of subatomic particles, incorporating the concepts of quantization of energy, wave-particle duality, the uncertainty principle, and the correspondence principle. Particle Physics No
75%
The branch of physics that deals with the properties, relationships, and interactions of subatomic particles. Solid State Physics No
75%
The branch of physics that deals with the properties, relationships, and interactions of subatomic particles. String Theory No
75%
The branch of physics that deals with the properties, relationships, and interactions of subatomic particles. Thermodynamics No
75%
The branch of physics that deals with the properties, relationships, and interactions of subatomic particles. Classical Mechanics No
73%
The branch of physics that studies the behavior and properties of light, including its interactions with matter and the construction of instruments that use or detect it. Classical Mechanics No
73%
The branch of physics that deals with the properties, relationships, and interactions of subatomic particles. Condensed Matter No
73%
The field of physics that deals with the macroscopic and microscopic physical properties of matter. Quantum Mechanics No
73%
The branch of physics that studies the behavior and properties of light, including its interactions with matter and the construction of instruments that use or detect it. Quantum Mechanics No
73%
The branch of physics that deals with the properties, relationships, and interactions of subatomic particles. Special Relativity No
73%
The branch of physics that deals with the properties, relationships, and interactions of subatomic particles. Statistical Mechanics No
73%
The field of physics that deals with the macroscopic and microscopic physical properties of matter. Classical Mechanics No
72%
A theoretical framework that combines classical field theory, special relativity, and quantum mechanics but not general relativity's description of gravity. Classical Mechanics No
72%
The branch of physics that deals with the properties, relationships, and interactions of subatomic particles. Nuclear Physics No
72%
The branch of physics that deals with the properties, relationships, and interactions of subatomic particles. Quantum Field Theory No
72%
A theoretical framework (i.e. not proven) in which the point-like particles of particle physics are replaced by one-dimensional objects called strings. It describes how these strings propagate through space and interact with each other; Many physicists consider this subject to be a pseudoscience due to a lack of evidence supporting its validity. String Theory Yes
72%
The physics of atomic nuclei and their interactions, especially in the generation of nuclear energy. Nuclear Physics Yes
69%
A theory of gravitation which finds that the observed gravitational effect between masses results from their warping of spacetime Special Relativity No
69%
The application of the principles of statistics to the mechanics of a system consisting of a large number of parts having motions that differ by small steps over a large range. Statistical Mechanics Yes
69%
The field of physics that deals with the macroscopic and microscopic physical properties of matter. Particle Physics No
67%
The branch of physics that deals with the properties, relationships, and interactions of subatomic particles. Quantum Mechanics No
67%
The branch of science which deals with celestial objects, space, and the physical universe as a whole. Astronomy Yes
61%
Describes the motion of macroscopic objects, from projectiles to parts of machinery, and astronomical objects Classical Mechanics Yes
61%
The branch of physics that studies the behavior and properties of light, including its interactions with matter and the construction of instruments that use or detect it. Optics Yes
60%
The field of physics that deals with the macroscopic and microscopic physical properties of matter. Solid State Physics No
60%
The study of rigid matter, or solids, through methods such as quantum mechanics, crystallography, electromagnetism, and metallurgy. Solid State Physics Yes
58%
The generally accepted and experimentally confirmed physical theory regarding the relationship between space and time. General Relativity No
57%
Deals with the mathematical description of the motion and interaction of subatomic particles, incorporating the concepts of quantization of energy, wave-particle duality, the uncertainty principle, and the correspondence principle. Quantum Mechanics Yes
54%
A theoretical framework that combines classical field theory, special relativity, and quantum mechanics but not general relativity's description of gravity. Quantum Field Theory Yes
52%
A theory of gravitation which finds that the observed gravitational effect between masses results from their warping of spacetime General Relativity Yes
49%
The branch of physics that deals with the properties, relationships, and interactions of subatomic particles. Particle Physics Yes
46%
The generally accepted and experimentally confirmed physical theory regarding the relationship between space and time. Special Relativity Yes
45%
The field of physics that deals with the macroscopic and microscopic physical properties of matter. Condensed Matter Yes
30%
No matching quizzes found
Score Distribution
Percent of People with Each Score
Percentile by Number Answered
Your Score History
You have not taken this quiz